Logo BPK

Biblioteka

Politechniki Koszalińskiej

Konstrukcje drewniane / (Rekord nr 7085)

Szczegóły MARC
000 -ETYKIETA REKORDU
podpole kontrolne o stałej długości 00539nam a2200193 i 4500
001 - NUMER KONTROLNY REKORDU
pole kontrolne bg
003 - IDENTYFIKATOR NUMERU KONTROLNEGO REKORDU
podpole kontrolne BPK
005 - DATA OSTATNIEJ MODYFIKACJI REKORDU
podpole kontrolne 20191009081703.0
008 - POLE O STAŁEJ DŁUGOŚCI - DANE KONTROLNE
podpole kontrolne o stałej długości 950506s1959 pl f |000 0 pol d
040 ## - ŹRÓDŁO KATALOGOWANIA
Instytucja, która utworzyła rekord BPK
041 ## - KOD JĘZYKA
Kod języka tekstu pol
080 ## - UNIWERSALNA KLASYFIKACJA DZIESIĘTNA - UKD
UKD 624.011.1
100 1# - NAZWA OSOBOWA
Nazwa osobowa Mischke, Danuta.
245 10 - TYTUŁ/ODPOWIEDZIALNOŚĆ
Tytuł Konstrukcje drewniane /
Pozostałe elementy strefy tytułu i oznaczenia odpowiedzialności Danuta Mischke.
260 ## - STREFA ADRESU WYDAWNICZEGO
Miejsce wydania Łódź,
Data publikacji, dystrybucji/powstania dokumentu 1959.
650 #4 - HASŁO PRZEDMIOTOWE W FORMIE NAZWY OGÓLNEJ LUB JEDNOSTKOWEJ
Nazwa ogólna lub geograficzna Konstrukcje drewniane
856 ## - LOKALIZACJA I DOSTĘP DO ELEKTRONICZNYCH DOKUMENTÓW ZDALNYCH
Link (URL) http://koha.tu.koszalin.pl/cgi-bin/koha/opac-detail.pl?biblionumber=7085
Tekst linku Katalog online BPK
942 ## - DODATKOWE ELEMENTY (KOHA)
Typ dokumentu Książka
Schemat klasyfikacji Uniwersalna Klasyfikacja Dziesiętna
Egzemplarze
Wycofany Status egzemplarza Uszkodzony Dostępność Lokalizacja stała Lokalizacja bieżąca Miejsce przechowywania Sygnatura Kod kreskowy Ostatnio wypożyczono Typ dokumentu Numer ubytku Dział
      Dostępny Biblioteka Politechniki Koszalińskiej Biblioteka Politechniki Koszalińskiej Wypożyczalnia BG P 1353 01084191 15.02.2013 Książka    
  Egz. niedostępny   Niedostępny Biblioteka Politechniki Koszalińskiej Biblioteka Politechniki Koszalińskiej   P 1354 01629699 17.11.2014 Książka p17794  
      Tylko na miejscu Biblioteka Politechniki Koszalińskiej Biblioteka Politechniki Koszalińskiej Czytelnia BG P 1360 01988086   Książka   624.011.1 Konstrukcje drewniane
© 2023 Biblioteka Politechniki Koszalińskiej :: KOHA